<?xml version="1.0" encoding="UTF-8"?>
<record
    xmlns:xsi="http://www.w3.org/2001/XMLSchema-instance"
    xsi:schemaLocation="http://www.loc.gov/MARC21/slim http://www.loc.gov/standards/marcxml/schema/MARC21slim.xsd"
    xmlns="http://www.loc.gov/MARC21/slim">

  <leader>01834nam a22002777a 4500</leader>
  <controlfield tag="003">AR-RoUNCS</controlfield>
  <controlfield tag="005">20260701142752.0</controlfield>
  <controlfield tag="007">ta</controlfield>
  <controlfield tag="008">260701s2006    ag |||||r|||| 00| 0 spa d</controlfield>
  <datafield tag="020" ind1=" " ind2=" ">
    <subfield code="a">9504000193</subfield>
  </datafield>
  <datafield tag="040" ind1=" " ind2=" ">
    <subfield code="a">AR-RoUNCS</subfield>
    <subfield code="b">spa</subfield>
    <subfield code="c">AR-RoUNCS</subfield>
  </datafield>
  <datafield tag="041" ind1=" " ind2=" ">
    <subfield code="a">spa</subfield>
  </datafield>
  <datafield tag="100" ind1="1" ind2=" ">
    <subfield code="a">Halperin Donghi, Tulio</subfield>
    <subfield code="e">autor</subfield>
  </datafield>
  <datafield tag="245" ind1="1" ind2="0">
    <subfield code="a">Historia contempor&#xE1;nea de Am&#xE9;rica Latina / </subfield>
    <subfield code="c">Tulio Halperin Donghi.</subfield>
  </datafield>
  <datafield tag="250" ind1=" " ind2=" ">
    <subfield code="a">6a ed.</subfield>
  </datafield>
  <datafield tag="260" ind1=" " ind2=" ">
    <subfield code="a">Buenos Aires : </subfield>
    <subfield code="b">Alianza,</subfield>
    <subfield code="c">2006.</subfield>
  </datafield>
  <datafield tag="300" ind1=" " ind2=" ">
    <subfield code="a">774 p. ; </subfield>
    <subfield code="c">20 cm. </subfield>
  </datafield>
  <datafield tag="490" ind1="0" ind2=" ">
    <subfield code="a">Alianza Estudio ; </subfield>
    <subfield code="v">3</subfield>
  </datafield>
  <datafield tag="505" ind1=" " ind2=" ">
    <subfield code="t">Primera parte: Del orden colonial al neocolonial. </subfield>
    <subfield code="g">El legado colonial ; La crisis de Independencia ; La larga espera: 1825-1850.</subfield>
  </datafield>
  <datafield tag="505" ind1=" " ind2=" ">
    <subfield code="t">Segunda parte: El orden neocolonial. </subfield>
    <subfield code="g">Surgimiento del orden neocolonial ; Madurez del orden neocolonial.</subfield>
  </datafield>
  <datafield tag="505" ind1=" " ind2=" ">
    <subfield code="t">Tercera parte: Agotamiento del orden neocolonial. </subfield>
    <subfield code="g">La b&#xFA;squeda del nuevo equilibrio ; Una encrucijada decisiva y su herencia: Latinoam&#xE9;rica desde 1960.</subfield>
  </datafield>
  <datafield tag="520" ind1=" " ind2=" ">
    <subfield code="a">Este texto medular &#x2014;verdadero cl&#xE1;sico de la historiograf&#xED;a americana&#x2014; elabora una historia conjunta de Latinoam&#xE9;rica que brinda una perspectiva m&#xE1;s din&#xE1;mica e intrincada de las historias nacionales.
Tulio Halperin Donghi, historiador argentino de s&#xF3;lido prestigio internacional, se&#xF1;ala en este libro las caracter&#xED;sticas comunes de un proceso que, arrancando desde el per&#xED;odo colonial, y tras las guerras de independencia y la formaci&#xF3;n de rep&#xFA;blicas soberanas, prosigue con una situaci&#xF3;n de neocolonialismo, cuyas consecuencias llegan hasta el presente. Si bien, como lo se&#xF1;ala con claridad, el proceso no es homog&#xE9;neo y ha sido alterado en varias ocasiones, particularmente en la segunda mitad del siglo XX.</subfield>
  </datafield>
  <datafield tag="650" ind1=" " ind2="7">
    <subfield code="2">embne</subfield>
    <subfield code="a">Am&#xE9;rica Latina</subfield>
    <subfield code="v">Historia</subfield>
  </datafield>
  <datafield tag="650" ind1=" " ind2="7">
    <subfield code="2">embne</subfield>
    <subfield code="a">Colonizaci&#xF3;n</subfield>
  </datafield>
  <datafield tag="942" ind1=" " ind2=" ">
    <subfield code="2">udc</subfield>
    <subfield code="c">OG</subfield>
    <subfield code="n">0</subfield>
  </datafield>
  <datafield tag="999" ind1=" " ind2=" ">
    <subfield code="c">1071</subfield>
    <subfield code="d">1071</subfield>
  </datafield>
  <datafield tag="952" ind1=" " ind2=" ">
    <subfield code="0">0</subfield>
    <subfield code="1">0</subfield>
    <subfield code="2">udc</subfield>
    <subfield code="4">0</subfield>
    <subfield code="7">0</subfield>
    <subfield code="8">CG</subfield>
    <subfield code="a">ESOCIALES</subfield>
    <subfield code="b">ESOCIALES</subfield>
    <subfield code="d">2026-07-01</subfield>
    <subfield code="l">0</subfield>
    <subfield code="o">94(7/8) H195</subfield>
    <subfield code="p">001549</subfield>
    <subfield code="r">2026-07-01 14:19:26</subfield>
    <subfield code="w">2026-07-01</subfield>
    <subfield code="y">OG</subfield>
  </datafield>
</record>
